000 00992nmc a2200325 a 4500
003 AR-BaBNM
005 20251128210416.0
008 220020s1999 ||||||||||||||000 | spa||
020 _a84-204-4843-5
040 _cAR-BaBNM
100 1 _aSommer-Bodenburg, Angela
245 1 0 _aEl pequeño vampiro en el país del conde Drácula
250 _a1ª ed.
260 _aMadrid
_bAlfaguara
_c1999
300 0 _a188 p.
_bil., láms.
490 0 _aAlfaguara infantil. Naranja
_vv. 2
500 0 _aLa presente colección está dirigida a niños a partir de diez años
650 4 _aLITERATURA INFANTIL
650 4 _aLIBROS PARA NINOS
650 4 _aCUENTOS DE TERROR
650 4 _aCUENTOS DE AVENTURAS
650 4 _aHUMOR
653 0 _aCUENTO FANTASTICO
655 _aLITERATURA
700 1 _aRodríguez Clemente, José Miguel
_etraductor
700 1 _aHanke-Basfeld, Magdalene
_eilustrador
800 1 _aGómez Navarro, María José
_edirector
942 _cBK
998 _cMARTIN
999 _c15356
_d15356